Weird & Wonderful Creatures in Film Quiz Stats

 Plays Quiz Updated Dec 29, 2017

Challenge
Share
Tweet
Score 0/24 Timer 10:00
6 Plays Today
% Correct
Ghostbusters (Slimer)
96%
E.T. the Extra Terrestrial (E.T.)
93.7%
Gremlins (Gremlins)
92%
The Simpsons Movie (Mutated Squirrel)
90.6%
Monsters Inc. (23-19!)
86.2%
Alien (Facehugger)
84.7%
Harry Potter and the Prisoner of Azkaban (Buckbeak)
81.9%
Flubber (Flubber)
81.1%
The NeverEnding Story (Luckdragon)
80.7%
Space Jam (MonStars)
73.9%
Little Shop of Horrors (Audrey II)
73.5%
The Chronicles of Narnia: The Lion, The Witch and the Wardrobe (Mr. Tumnus)
73.4%
% Correct
Frozen (Trolls)
71.2%
Mars Attacks! (Alien)
70.6%
Star Wars: Attack of the Clones (Acklay)
66.5%
Hercules (The Hydra)
63.7%
The Lord of the Rings: The Fellowship of the Ring (Balrog)
63%
Pan's Labyrinth (Faun)
59.9%
Alice in Wonderland (Bandersnatch)
57.1%
Avatar (Mountain Banshee)
51.7%
Fantastic Beasts and Where to Find Them (Niffler)
49%
Starship Troopers (Tanker Bug)
46.2%
Beetlejuice (Sandworm)
45.5%
Cloverfield (Monster)
34.3%

You're not logged in!

Compare scores with friends on all Sporcle quizzes.
OR
Log In

You Might Also Like...

Show Comments

Extras

Top Quizzes Today


Score Distribution

Your Account Isn't Verified!

In order to create a playlist on Sporcle, you need to verify the email address you used during registration. Go to your Sporcle Settings to finish the process.

Report this User

Report this user for behavior that violates our Community Guidelines.

Details: